00828cam a2200241 a 450000100100000000500170001000800410002702000150006804000290008305000230011208200150013510000360015024500820018626000600026830000210032849000240034950400420037365000320041565000520044770000300049970000330052983000240056200001872320200929165840.0840213s1983 ag b 000 0 spa d a950370006X aDO-SdBNPbspacLCdBNPHU00aF3031.5b.C37 1983 ann*bC268m1 aCardoso, Oscar R.q(Oscar Raul)10aMalvinas, la trama secreta /cO. R. Cardoso, R. Kirschbaum y E. van der Kooy. aBuenos Aires, Argentina :bSudamericana/Planeta,c1983. a366 p. ;c23 cm.1 aEspejo de Argentina aIncluye referencias bibliográficas. 0aFalkland islands war, 1982. 0aFalkland islands war, 1982xDiplomatic history.1 aKirschbaum, R.q(Ricardo)1 aKooy, E. Van Der.q(Eduardo) 0aEspejo de Argentina